Państwa według pierwszej i ostatniej litery #1 - Statystyki

Ogólne statystyki
  • Ten quiz został rozwiązany 44 razy
  • Średni wynik to 16 z 24
Statystyki odpowiedzi
Pierwsza litera Państwa Ostatnia Litera % Poprawnych
C Czad D
97%
N Nepal L
87%
F Filipiny Y
85%
P Portugalia A
77%
B Belize E
74%
H Holandia A
74%
H Honduras S
72%
K Kuwejt T
69%
F Finlandia A
67%
L Luksemburg G
67%
U Ukraina A
64%
W Wietnam M
64%
E Egipt T
62%
J Jamajka A
62%
E Eswatini I
59%
N Niger R
59%
L Lesotho O
56%
N Norwegia A
56%
D Dżibuti I
54%
T Tajlandia A
54%
G Gabon N
51%
S Senegal L
51%
I Izrael L
49%
M Mozambik K
41%
Nie znaleziono quizów pasujących do podanych kryteriów
Rozkład punktacji
Procent ludzi z każdym wynikiem
Percentyl według liczby udzielonych odpowiedzi
Twoja historia wyników
Nie rozwiązałeś tego quizu